000 00477nam a2200181 a 4500
001 1777027203463
003 YourLibrary
005 20260424161207.0
008 260424s2008##################000#0#eng##
020 _a9780199202584
082 0 4 _a345.42ORM
100 1 _aOrmerod, David,
_eauthor.
245 1 0 _aSmith and Hogan Criminal Law :
260 _bOxford University Press, USA,
_c2008.
650 0 _aLaw.
942 _cENGLISH
040 _aYourLibrary
_beng
_cYourLibrary
999 _c619852
_d619852